| Tag |
First Indicator |
Second Indicator |
Subfields |
| LEADER |
00000cam a2200000 a 4500 |
| 001 |
in00001403497 |
| 005 |
20151020055535.0 |
| 008 |
981013s1993 pau 000 0 eng d |
| 035 |
|
|
|a (OCoLC)40102287
|
| 035 |
|
|
|9 AHN4748AM
|
| 040 |
|
|
|a TXA
|c TXA
|d UtOrBLW
|
| 043 |
|
|
|a n-cn---
|a n-us---
|a n-mx---
|
| 049 |
|
|
|a TXAM
|
| 090 |
|
|
|a HF1746
|b .N64 1993
|
| 245 |
0 |
0 |
|a North American Agreement on Environmental Cooperation between the government of the United States of America, the government of Canada and the government of the United Mexican States.
|
| 264 |
|
1 |
|a [Upland, Pa.] :
|b [DIANE Publishing Co.],
|c [1993]
|
| 300 |
|
|
|a 43 pages ;
|c 28 cm.
|
| 336 |
|
|
|a text
|b txt
|2 rdacontent
|
| 337 |
|
|
|a unmediated
|b n
|2 rdamedia
|
| 338 |
|
|
|a volume
|b nc
|2 rdacarrier
|
| 500 |
|
|
|a Cover title.
|
| 500 |
|
|
|a Final draft, September 13, 1993.
|
| 650 |
|
0 |
|a Free trade
|x Environmental aspects
|z North America.
|
| 650 |
|
0 |
|a Free trade
|z North America.
|
| 650 |
|
0 |
|a Environmental protection
|z North America.
|
| 650 |
|
0 |
|a Environmental protection
|x International cooperation.
|
| 650 |
|
0 |
|a Environmental policy
|z Canada.
|
| 650 |
|
0 |
|a Environmental policy
|z United States.
|
| 650 |
|
0 |
|a Environmental policy
|z Mexico.
|
| 948 |
|
|
|a c:cer
|d 20031105
|
| 999 |
|
|
|a MARS
|
| 999 |
f |
f |
|s 45f7a92b-6908-3632-a8f8-562f547cf9d0
|i 845f62fa-9865-3b09-b23a-e966919f6d78
|t 0
|
| 952 |
f |
f |
|p ric
|a Texas A&M University
|b Rellis Campus
|c Joint Library Facility
|d Remote Storage
|t 0
|e HF1746 .N64 1993
|h Library of Congress classification
|i unmediated -- volume
|m A14823539986
|
| 998 |
f |
f |
|a HF1746 .N64 1993
|t 0
|l Remote Storage
|